| 000 | 00412nam a2200181Ia 4500 | ||
|---|---|---|---|
| 999 |
_c41944 _d41944 |
||
| 003 | 0100 | ||
| 005 | 20170428085759.0 | ||
| 008 | 130303s9999 xx 000 0 und d | ||
| 040 | _cARRUPELIB | ||
| 050 | _aDT962.R4 1964 | ||
| 245 | _aSouthern Rhodesia | ||
| 245 | _bthe price of freedom | ||
| 260 |
_bStuart Manning _aBulawayo _c1964 |
||
| 300 | _a141p. | ||
| 300 | _b 23 cm | ||
| 650 |
_aZimbabwe _xPolitics _93690 |
||
| 700 |
_aRea, Fred B. (ed) _930012 |
||
| 942 |
_2lcc _cMONOGRAPH |
||